[Event "4NCL-ch rapid"]
[Site "Newport Pagnell"]
[Date "2010.10.10"]
[Round "9"]
[White "Holmes, Richard F"]
[Black "Buckley, David"]
[Result "1-0"]
[WhiteElo "2270"]
[BlackElo "2237"]
[PlyCount "54"]
[EventDate "2010.10.10"]
[EventType "swiss (rapid)"]
[EventRounds "9"]
[EventCountry "ENG"]
[SourceTitle "CBM 138 Extra"]
[Source "ChessBase"]
[SourceDate "2010.10.29"]
[SourceVersion "1"]
[SourceVersionDate "2010.10.29"]
[SourceQuality "1"]

1. d4 d5 2. Nf3 Nf6 3. e3 g6 4. c4 e6 5. Nc3 Bg7 6. b3 0-0 7. Be2 c5 8. Bb2 cxd4 9. exd4 Nc6 10. 0-0 dxc4 11. bxc4 Nh5 12. Ne4 Nf4 13. Re1 Nxe2+ 14. Rxe2 b6 15. Ba3 Nxd4 16. Nxd4 Qxd4 17. Qxd4 Bxd4 18. Rd1 Rd8 19. Red2 e5 20. Be7 Ba6 21. Bxd8 Rxd8 22. Rc1 f5 23. Nf6+ Kg7 24. Nd5 Bb7 25. Nc7 Kf6 26. Nb5 Be4 27. Rcd1 Bb7 1-0

[Event "Frome op"]
[Site "Frome"]
[Date "2009.05.10"]
[Round "4"]
[White "Buckley, David"]
[Black "Bennett, Dominic"]
[Result "0-1"]
[WhiteElo "2265"]
[BlackElo "1864"]
[PlyCount "74"]
[EventDate "2009.05.08"]
[EventType "swiss"]
[EventRounds "5"]
[EventCountry "ENG"]
[SourceTitle "CBM 130 Extra"]
[Source "ChessBase"]
[SourceDate "2009.07.02"]
[SourceVersion "2"]
[SourceVersionDate "2009.07.15"]
[SourceQuality "1"]

1. e4 c5 2. Nf3 d6 3. d4 cxd4 4. Nxd4 Nf6 5. Nc3 a6 6. Be3 e6 7. f3 b5 8. g4 h6 9. Qd2 Bd7 10. 0-0-0 Nc6 11. Nxc6 Bxc6 12. h4 d5 13. Qf2 Qb8 14. Bh3 g6 15. g5 b4 16. Ne2 Nh5 17. Nd4 Bb7 18. Nxe6 fxe6 19. Bxe6 Nf4 20. exd5 hxg5 21. hxg5 Rxh1 22. Rxh1 Bg7 23. Kb1 Qe5 24. Bc1 Nxe6 25. dxe6 a5 26. Rh7 Rd8 27. f4 Qc7 28. f5 gxf5 29. Qxf5 Rd1 30. Qg6+ Kf8 31. Qf5+ Kg8 32. g6 Qe7 33. a3 Bd5 34. Qg4 Re1 35. Qg3 Qxe6 36. axb4 Ba2+ 37. Ka1 Rxc1# 0-1

[Event "BCF-chT1d 0809 (4NCL) Demotion pool"]
[Site "England"]
[Date "2009.05.02"]
[Round "9.5"]
[White "Morris, Charles F"]
[Black "Buckley, David"]
[Result "0-1"]
[WhiteElo "2197"]
[BlackElo "2265"]
[PlyCount "120"]
[EventDate "2008.10.04"]
[EventType "team-tourn"]
[EventRounds "4"]
[EventCountry "ENG"]
[SourceTitle "EXT 2010"]
[Source "ChessBase"]
[SourceDate "2010.11.25"]
[SourceVersion "1"]
[SourceVersionDate "2010.11.25"]
[SourceQuality "1"]
[WhiteTeam "SW Dragons"]
[BlackTeam "Bristol"]
[WhiteTeamCountry "ENG"]
[BlackTeamCountry "ENG"]

1. c4 c5 2. g3 Nc6 3. Bg2 g6 4. Nc3 Bg7 5. a3 b6 6. Rb1 Bb7 7. b4 d6 8. Nh3 Qd7 9. Nf4 g5 10. Nfd5 e6 11. Ne3 Nge7 12. Qa4 Nd8 13. Nb5 0-0 14. Bxb7 Nxb7 15. h4 Qc6 16. f3 gxh4 17. Rxh4 Ng6 18. Rh2 f5 19. f4 d5 20. cxd5 exd5 21. bxc5 Nxc5 22. Qc2 a6 23. d4 axb5 24. dxc5 Qxc5 25. Qxc5 bxc5 26. Nxd5 Rad8 27. Nc7 Bc3+ 28. Kf2 Rd1 29. Kg2 Be1 30. Kf3 Bd2 31. e3 Rxc1 32. Rxb5 Rd8 33. Ne6 Rf1+ 34. Rf2 Rxf2+ 35. Kxf2 Re8 36. Nxc5 Bxe3+ 37. Kg2 Ra8 38. a4 Ne7 39. a5 Bxc5 40. Rxc5 Kf7 41. Kf3 h5 42. Kg2 Ke6 43. Kh3 Kd6 44. Rb5 Nd5 45. Kh4 Kc6 46. Rb3 Rxa5 47. Kxh5 Nf6+ 48. Kg6 Ng4 49. Rd3 Kc5 50. Kg5 Kc4 51. Rd8 Ne3 52. Kh4 Rd5 53. Re8 Kd3 54. Kh3 Ke2 55. g4 fxg4+ 56. Kg3 Rh5 57. Rxe3+ Kxe3 58. Kxg4 Rh1 59. f5 Ke4 60. f6 Ke5 0-1

[Event "BCF-chT1d 0809 (4NCL) Demotion pool"]
[Site "England"]
[Date "2009.03.22"]
[Round "8.5"]
[White "Buckley, David"]
[Black "Gara, Anita"]
[Result "0-1"]
[WhiteElo "2245"]
[BlackElo "2318"]
[PlyCount "152"]
[EventDate "2008.10.04"]
[EventType "team-tourn"]
[EventRounds "4"]
[EventCountry "ENG"]
[SourceTitle "EXT 2010"]
[Source "ChessBase"]
[SourceDate "2010.11.25"]
[SourceVersion "1"]
[SourceVersionDate "2010.11.25"]
[SourceQuality "1"]
[WhiteTeam "Bristol"]
[BlackTeam "Cambridge"]
[WhiteTeamCountry "ENG"]
[BlackTeamCountry "ENG"]

1. d4 d5 2. c4 e6 3. Nc3 c5 4. cxd5 exd5 5. Nf3 Nc6 6. g3 Nf6 7. Bg2 Be7 8. 0-0 0-0 9. Bg5 cxd4 10. Nxd4 h6 11. Be3 Re8 12. Rc1 Bg4 13. h3 Be6 14. Nxc6 bxc6 15. Na4 Qd7 16. Kh2 Bf5 17. Nc5 Bxc5 18. Bxc5 Ne4 19. e3 Rab8 20. Qd4 Rb7 21. b3 Ng5 22. h4 Ne4 23. Ba3 Rc8 24. f3 Nd6 25. Bxd6 Qxd6 26. e4 Be6 27. f4 Rb4 28. Qd2 c5 29. exd5 Rd4 30. Qe3 Bxd5 31. Qxd4 cxd4 32. Rxc8+ Kh7 33. Bxd5 Qxd5 34. Rc2 Kg6 35. f5+ Kf6 36. b4 d3 37. Rd2 Ke5 38. Rfd1 Ke4 39. a4 Qb3 40. a5 Qxb4 41. Rxd3 Qxa5 42. Rd7 Qb5 43. Kg2 Qe2+ 44. Kh3 Qa2 45. Re7+ Kxf5 46. Rf1+ Kg6 47. h5+ Kxh5 48. Rfxf7 g5 49. g4+ Kg6 50. Rg7+ Kf6 51. Rxa7 Qb3+ 52. Kg2 Qc2+ 53. Kg3 Qd3+ 54. Kg2 Qe4+ 55. Kf2 Qf4+ 56. Ke1 Qxg4 57. Rgb7 Qe6+ 58. Kf2 h5 59. Rb5 h4 60. Rab7 Qa2+ 61. Kf3 Qa3+ 62. Rb3 Qf8 63. Rb8 Qf7 64. R3b5 Kg6+ 65. Kg2 Kh5 66. Rh8+ Kg4 67. Rb4+ Kf5 68. Rhb8 Qd5+ 69. Kf2 Qd2+ 70. Kf1 h3 71. R4b5+ Kg4 72. Rb4+ Kh5 73. Rh8+ Kg6 74. Rb6+ Kf5 75. Rbh6 Qg2+ 76. Ke1 g4 0-1

[Event "BCF-chT1b 0809 (4NCL)"]
[Site "England"]
[Date "2009.01.17"]
[Round "5.3"]
[White "Sowray, Peter John"]
[Black "Buckley, David"]
[Result "0-1"]
[WhiteElo "2303"]
[BlackElo "2245"]
[PlyCount "76"]
[EventDate "2008.10.04"]
[EventType "team-tourn"]
[EventRounds "7"]
[EventCountry "ENG"]
[SourceTitle "EXT 2010"]
[Source "ChessBase"]
[SourceDate "2010.11.25"]
[SourceVersion "1"]
[SourceVersionDate "2010.11.25"]
[SourceQuality "1"]
[WhiteTeam "Wood Green Hilsmark Kingfisher II"]
[BlackTeam "Bristol"]
[WhiteTeamCountry "ENG"]
[BlackTeamCountry "ENG"]

1. d4 d6 2. e4 Nf6 3. Nc3 e5 4. Nf3 Nbd7 5. Bc4 Be7 6. 0-0 0-0 7. Re1 c6 8. a4 b6 9. b3 Bb7 10. Bb2 a6 11. Bf1 b5 12. Qd3 Re8 13. g3 Bf8 14. axb5 axb5 15. Rxa8 Qxa8 16. dxe5 dxe5 17. Ra1 Qb8 18. Nd2 Nc5 19. Qe3 Rd8 20. h3 Ne6 21. Nf3 Nd4 22. Rd1 Nxc2 23. Rxd8 Qxd8 24. Qa7 Qc7 25. Nxe5 Qxe5 26. Qxb7 b4 27. Bc4 Qe8 28. Ne2 Nxe4 29. Be5 Bc5 30. Kg2 Nd2 31. Qc7 Nxc4 32. bxc4 f6 33. Qb8 Qxb8 34. Bxb8 b3 35. Nc3 Na3 36. Na4 Bd4 37. Bd6 Nxc4 38. Bb4 b2 0-1

[Event "BCF-chT1b 0809 (4NCL)"]
[Site "England"]
[Date "2008.10.04"]
[Round "1.5"]
[White "Buckley, David"]
[Black "Flear, Glenn C"]
[Result "0-1"]
[WhiteElo "2244"]
[BlackElo "2473"]
[PlyCount "84"]
[EventDate "2008.10.04"]
[EventType "team-tourn"]
[EventRounds "7"]
[EventCountry "ENG"]
[SourceTitle "CBM 126 Extra"]
[Source "ChessBase"]
[SourceDate "2008.11.05"]
[SourceVersion "1"]
[SourceVersionDate "2008.11.05"]
[SourceQuality "1"]
[WhiteTeam "Bristol"]
[BlackTeam "Guildford"]
[WhiteTeamCountry "ENG"]
[BlackTeamCountry "ENG"]

1. Nf3 d5 2. d4 Nf6 3. c4 e6 4. g3 dxc4 5. Bg2 Nc6 6. Qa4 Bd6 7. 0-0 0-0 8. Qxc4 e5 9. dxe5 Nxe5 10. Nxe5 Bxe5 11. Nc3 c6 12. Bf4 Be6 13. Qb4 Bxf4 14. Qxf4 Qb6 15. b3 Rad8 16. Rad1 h6 17. h3 Qc5 18. Rxd8 Rxd8 19. Rd1 Rxd1+ 20. Nxd1 Qc2 21. Ne3 Qxa2 22. Qb8+ Kh7 23. Qxb7 Bxb3 24. Qxc6 a5 25. Be4+ Nxe4 26. Qxe4+ g6 27. Qd4 Be6 28. Ng4 Bxg4 29. Qxg4 a4 30. Qd7 a3 31. Qa7 Qa1+ 32. Kh2 Kg7 33. e4 Qb2 34. e5 Kf8 35. Qc5+ Kg8 36. Qe3 Qa2 37. Qa7 Qb3 38. Qa8+ Kg7 39. Qa7 a2 40. Qd4 Kg8 41. Qa7 Qb1 42. Qe7 a1Q 0-1